17 brésiliens ayant figuré dans l’équipe type de Ligue 1 depuis 2000 - Statistiques

Statistiques générales
  • Ce quiz a été pris 375 fois
  • Le résultat moyen est 8 sur 17
Statistiques - réponses
Joueur % Correct
Neymar
97%
Thiago Silva
87%
Marquinhos
84%
Juninho
70%
Ronaldinho
62%
David Luiz
55%
Maxwell
55%
Cris
48%
Paqueta
45%
Anderson
41%
Nenê
34%
Bastos
28%
Luis Gustavo
27%
Dani Alves
24%
Hilton
16%
Edmilson
14%
Wendel
10%
Aucun quiz correspondant
Distribution des résultats
% des personnes avec chaque résultat
Percentile par nombre de réponses
Votre historique - résultats
Vous n’avez pas pris ce quiz